000 00424nam a2200181Ia 4500
008 170918s9999 xx 000 0 und d
020 _a770428207
050 _bA887ha 1985
100 _aAtwood, Margaret
245 4 _aThe handmaid's tale /
245 _cby Margaret Atwood.
260 _aUSA :
260 _bSeal Books,
260 _c1985
300 _a402 pages :
300 _billustrations ;
300 _c17cm.
999 _c343394
_d343394